[Event "POL-chT2"]
[Site "Poronin"]
[Date "2013.09.10"]
[Round "4.93"]
[White "Studzinski, Tadeusz"]
[Black "Tabola, Marcin"]
[Result "0-1"]
[WhiteElo "1957"]
[BlackElo "1999"]
[PlyCount "61"]
[EventDate "2013.09.06"]
[EventType "team-swiss"]
[EventRounds "9"]
[EventCountry "POL"]
[SourceTitle "EXT 2015"]
[Source "ChessBase"]
[SourceDate "2014.11.20"]
[SourceVersion "1"]
[SourceVersionDate "2014.11.20"]
[SourceQuality "1"]
[WhiteTeam "Chojnice UKS Osemka"]
[BlackTeam "Strzelce Opolskie Strzelec"]
[WhiteTeamCountry "POL"]
[BlackTeamCountry "POL"]

1. e4 c5 2. Nf3 Nc6 3. d4 cxd4 4. Nxd4 Qb6 5. Nb3 Nf6 6. Nc3 e6 7. Be3 Qc7 8. a3 a6 9. f4 d6 10. Be2 Be7 11. Bf3 b5 12. 0-0 0-0 13. Qe1 Rb8 14. Qg3 b4 15. axb4 Nxb4 16. Bd1 d5 17. Bd4 Nc6 18. Bxf6 Bxf6 19. exd5 Nb4 20. d6 Qxd6 21. Ne4 Qb6+ 22. Kh1 Be7 23. c3 Bb7 24. Ng5 Nd5 25. Re1 h6 26. Ne4 Nf6 27. Nxf6+ Bxf6 28. Bc2 Rfd8 29. Rab1 Bd5 30. Nc1 Qc6 31. Qd3 0-1

[Event "POL-chT3 Kujawsko Pomorskie 1213"]
[Site "Poland"]
[Date "2013.02.10"]
[Round "8.17"]
[White "Studzinski, Tadeusz"]
[Black "Ciemniak, Krzysztof"]
[Result "1/2-1/2"]
[WhiteElo "1973"]
[BlackElo "1982"]
[PlyCount "61"]
[EventDate "2012.11.04"]
[EventType "team-tourn"]
[EventRounds "11"]
[EventCountry "POL"]
[SourceTitle "EXT 2015"]
[Source "ChessBase"]
[SourceDate "2014.11.20"]
[SourceVersion "1"]
[SourceVersionDate "2014.11.20"]
[SourceQuality "1"]
[WhiteTeam "Chojnice UKS Osemka"]
[BlackTeam "Bydgoszcz Wiartrak"]
[WhiteTeamCountry "POL"]
[BlackTeamCountry "POL"]

1. e4 e5 2. Nf3 Nc6 3. Bc4 Nf6 4. d4 exd4 5. 0-0 Nxe4 6. Re1 d5 7. Bxd5 Qxd5 8. Nc3 Qh5 9. Nxe4 Be6 10. Bg5 Bd6 11. Nxd6+ cxd6 12. Bf4 Qd5 13. c3 Rc8 14. Nxd4 Nxd4 15. Qxd4 Qxd4 16. cxd4 Kd7 17. Bd2 Rc2 18. Bc3 Rc8 19. a3 b5 20. Rac1 Rxc1 21. Rxc1 Kc6 22. Bb4+ Kd5 23. Rxc8 Bxc8 24. f3 Kxd4 25. Bxd6 Kd3 26. Bf8 g6 27. Kf2 a5 28. Be7 Kc2 29. Bf6 Be6 30. Ke3 Kb3 31. Kf4 1/2-1/2

[Event "POL-chT3 Kujawsko Pomorskie 1011"]
[Site "Poland"]
[Date "2011.02.27"]
[Round "7.32"]
[White "Studzinski, Tadeusz"]
[Black "Tarnowski, Marian"]
[Result "1-0"]
[WhiteElo "1978"]
[BlackElo "1822"]
[PlyCount "117"]
[EventDate "2010.11.07"]
[EventType "team-tourn"]
[EventRounds "11"]
[EventCountry "POL"]
[SourceTitle "EXT 2019"]
[Source "ChessBase"]
[SourceDate "2018.10.10"]
[SourceVersion "1"]
[SourceVersionDate "2018.10.10"]
[SourceQuality "1"]

1. e4 d6 2. d4 g6 3. Nc3 Bg7 4. f4 Nf6 5. Nf3 c6 6. Be3 Ng4 7. Bg1 Qb6 8. Rb1 Qa5 9. b4 Qc7 10. Qd2 0-0 11. h3 Nf6 12. Bf2 Nbd7 13. Bc4 Nxe4 14. Nxe4 d5 15. Bd3 dxe4 16. Bxe4 Nf6 17. Bd3 Nd5 18. g3 a5 19. b5 Nb4 20. Be2 cxb5 21. c3 Nd5 22. Rxb5 Nf6 23. Qe3 e6 24. c4 Qc6 25. 0-0 Bd7 26. Rfb1 Rfb8 27. Ne5 Qc7 28. Rb6 Bc6 29. Qb3 a4 30. Qb2 Nd7 31. Nxd7 Qxd7 32. Qd2 Be4 33. Rd1 Qc7 34. d5 exd5 35. cxd5 Qd7 36. Kh2 Rc8 37. Qe3 Bf5 38. Bb5 Qc7 39. d6 Qc2 40. Rd2 Qe4 41. d7 Rd8 42. Qxe4 Bxe4 43. Rbd6 Bc3 44. Re2 f5 45. Bb6 Kf7 46. Bxd8 Rxd8 47. Bxa4 Ke7 48. Rb6 Kf7 49. Bb3+ Kf8 50. Ba4 Ba5 51. Rb5 b6 52. g4 Kf7 53. Kg3 Kf6 54. g5+ Kg7 55. Re5 Bb4 56. Re8 Rxd7 57. Bxd7 Bc5 58. R8xe4 fxe4 59. Rxe4 1-0

[Event "POL-chT3 1112"]
[Site "Poland"]
[Date "2011.??.??"]
[Round "2.33"]
[White "Studzinski, Tadeusz"]
[Black "Halas, Przemyslaw"]
[Result "1-0"]
[WhiteElo "1982"]
[BlackElo "2090"]
[PlyCount "139"]
[EventDate "2011.11.06"]
[EventType "team-tourn"]
[EventRounds "11"]
[EventCountry "POL"]
[SourceTitle "EXT 2015"]
[Source "ChessBase"]
[SourceDate "2014.11.20"]
[SourceVersion "1"]
[SourceVersionDate "2014.11.20"]
[SourceQuality "1"]
[WhiteTeam "Chojnice UKS Osemka"]
[BlackTeam "Inowroclaw OSIR Pozkal"]
[WhiteTeamCountry "POL"]
[BlackTeamCountry "POL"]

1. e4 e6 2. Nc3 d5 3. d3 Nf6 4. Bd2 c5 5. g3 d4 6. Nce2 e5 7. Bg2 Nc6 8. f4 Bd6 9. Nf3 Qe7 10. fxe5 Nxe5 11. Nxe5 Bxe5 12. Bg5 Qd6 13. Bxf6 gxf6 14. Qd2 Bg4 15. Nf4 0-0-0 16. Rf1 h5 17. a3 Be6 18. Qa5 Kb8 19. 0-0-0 h4 20. Qe1 Rdg8 21. Kb1 Bd7 22. Qf2 Bc6 23. Bh1 Rg7 24. Rg1 Rgh7 25. Rdf1 hxg3 26. hxg3 f5 27. Nd5 fxe4 28. dxe4 c4 29. Bf3 f5 30. Re1 fxe4 31. Bxe4 Bxd5 32. Bxh7 Rxh7 33. Qf5 Re7 34. Rgf1 c3 35. Qf8+ Kc7 36. Rf5 Bf6 37. Rxe7+ Bxe7 38. Qg7 d3 39. Qxc3+ Bc6 40. Qxd3 Qxd3 41. cxd3 Kd6 42. Kc2 Ke6 43. Rh5 Bf6 44. b3 Kf7 45. b4 a6 46. Kb3 Ke6 47. a4 Bd5+ 48. Kc2 Bf3 49. Rh6 Kf5 50. Rh7 Be5 51. Rf7+ Kg4 52. Re7 Bxg3 53. Kc3 Bf2 54. Kc4 Bh4 55. Re8 Kf5 56. b5 a5 57. Kc5 Bf2+ 58. Kd6 Bg3+ 59. Kc5 Bf2+ 60. d4 Bg1 61. Re5+ Kf6 62. Re1 b6+ 63. Kc4 Bh2 64. Rf1 Ke6 65. Rxf3 Bd6 66. Rh3 Bc7 67. Rh6+ Kf5 68. Kd5 Bd8 69. Rd6 Bc7 70. Rd7 1-0

[Event "POL-chT3 Kujawsko Pomorskie 1011"]
[Site "Poland"]
[Date "2010.11.07"]
[Round "1.15"]
[White "Jagodzinski, Waldemar"]
[Black "Studzinski, Tadeusz"]
[Result "0-1"]
[WhiteElo "2050"]
[BlackElo "1978"]
[PlyCount "86"]
[EventDate "2010.11.07"]
[EventType "team-tourn"]
[EventRounds "11"]
[EventCountry "POL"]
[SourceTitle "EXT 2019"]
[Source "ChessBase"]
[SourceDate "2018.10.10"]
[SourceVersion "1"]
[SourceVersionDate "2018.10.10"]
[SourceQuality "1"]

1. d4 d5 2. Nf3 Nf6 3. c4 c6 4. cxd5 cxd5 5. Nc3 Nc6 6. Bf4 a6 7. Rc1 e6 8. e3 Bd6 9. Bg5 h6 10. Bh4 Bd7 11. Bd3 Rc8 12. 0-0 Be7 13. Ne5 Nxe5 14. dxe5 Ng8 15. Bg3 Bb4 16. Qg4 Bf8 17. h3 h5 18. Qd1 h4 19. Bh2 Bc5 20. Qg4 g6 21. Qf4 Rh5 22. Rc2 Ba7 23. Rfc1 Bb8 24. Qd4 Ne7 25. Be2 Nc6 26. Qd1 Rh7 27. Na4 Bxe5 28. Bxe5 Nxe5 29. Rxc8 Bxc8 30. Qb3 b5 31. Qc3 Nc4 32. b3 bxa4 33. bxc4 Bb7 34. cxd5 Bxd5 35. Bxa6 Qg5 36. Bb5+ Ke7 37. Qc7+ Kf8 38. Qc5+ Qe7 39. Qd4 f6 40. Qb6 Bb7 41. Bd3 f5 42. Bb5 Rf7 43. Rd1 Qg5 0-1

[Event "POL-chT3 Kujawsko Pomorskie 0910"]
[Site "Poland"]
[Date "2010.05.09"]
[Round "11.5"]
[White "Studzinski, Tadeusz"]
[Black "Wisniewski, Przemyslaw"]
[Result "1-0"]
[WhiteElo "1945"]
[BlackElo "2054"]
[PlyCount "95"]
[EventDate "2009.11.08"]
[EventType "team-tourn"]
[EventRounds "11"]
[EventCountry "POL"]
[SourceTitle "EXT 2020"]
[Source "ChessBase"]
[SourceDate "2019.10.17"]
[SourceVersion "1"]
[SourceVersionDate "2019.10.17"]
[SourceQuality "1"]

1. e4 c5 2. Nf3 Nc6 3. d4 cxd4 4. Nxd4 g6 5. Nc3 Bg7 6. Be3 Nf6 7. Bb5 0-0 8. 0-0 a6 9. Bxc6 bxc6 10. e5 Nd5 11. Nxd5 cxd5 12. Bf4 Bb7 13. Re1 Qb6 14. Nf3 Rac8 15. Qd2 Rc4 16. c3 a5 17. Be3 Qc7 18. Bd4 e6 19. Qe3 Qc8 20. Nd2 Rc6 21. Nb3 Qa8 22. a4 Rb8 23. Nc5 Bc8 24. Reb1 Bf8 25. b4 Rc7 26. h3 Bb7 27. f3 Rbc8 28. Nd3 Rc4 29. Nc5 Rc7 30. Kh1 Be7 31. Nd3 axb4 32. cxb4 Rc2 33. a5 R7c4 34. a6 Bc8 35. b5 Kg7 36. b6 Bxa6 37. b7 Qxb7 38. Rxb7 Bxb7 39. Rc1 Bh4 40. Rxc2 Rxc2 41. Kh2 Rc4 42. Nb2 Rc6 43. Bc5 Ra6 44. Qb3 Bc8 45. Qb4 Rc6 46. Bf8+ Kg8 47. Bh6 d6 48. Qxh4 1-0

[Event "POL-chT4 Kujawsko Pomorskie 0910"]
[Site "Poland"]
[Date "2010.03.21"]
[Round "9.12"]
[White "Studzinski, Tadeusz"]
[Black "Komorowski, Piotr"]
[Result "1-0"]
[WhiteElo "1945"]
[BlackElo "1802"]
[PlyCount "59"]
[EventDate "2009.11.08"]
[EventType "team-swiss"]
[EventRounds "11"]
[EventCountry "POL"]
[SourceTitle "EXT 2020"]
[Source "ChessBase"]
[SourceDate "2019.10.17"]
[SourceVersion "1"]
[SourceVersionDate "2019.10.17"]
[SourceQuality "1"]

1. e4 c5 2. Nf3 Nc6 3. d4 cxd4 4. Nxd4 e5 5. Nb5 a6 6. Nd6+ Bxd6 7. Qxd6 Qf6 8. Qc7 Nge7 9. Nc3 0-0 10. Be3 Nd4 11. Bd3 b5 12. 0-0 Ng6 13. Nd5 Qc6 14. Qa5 Bb7 15. Bxd4 exd4 16. Qb4 f5 17. Qxd4 fxe4 18. Bxe4 Kh8 19. f3 Qd6 20. Rad1 Rae8 21. Nc3 Qxd4+ 22. Rxd4 Bxe4 23. Nxe4 Nf4 24. Rd2 d5 25. Nc3 Rf5 26. g3 Ng6 27. Rxd5 Rf6 28. Ne4 Rc6 29. c3 Kg8 30. Rd6 1-0

[Event "POL-chT4 Kujawsko Pomorskie 0910"]
[Site "Poland"]
[Date "2010.02.07"]
[Round "7.12"]
[White "Mazur, Stanislaw"]
[Black "Studzinski, Tadeusz"]
[Result "0-1"]
[WhiteElo "1615"]
[BlackElo "1945"]
[PlyCount "66"]
[EventDate "2009.11.08"]
[EventType "team-swiss"]
[EventRounds "11"]
[EventCountry "POL"]
[SourceTitle "EXT 2020"]
[Source "ChessBase"]
[SourceDate "2019.10.17"]
[SourceVersion "1"]
[SourceVersionDate "2019.10.17"]
[SourceQuality "1"]

1. e4 e5 2. Nf3 d6 3. d4 Nf6 4. Nc3 Nbd7 5. dxe5 dxe5 6. Bc4 Bb4 7. Bd2 c6 8. Qe2 Qc7 9. a3 Be7 10. 0-0 0-0 11. h3 b5 12. Ba2 a5 13. Bg5 h6 14. Bh4 Re8 15. Rfe1 Nf8 16. Bg3 Ng6 17. Nh2 Bc5 18. Nb1 Be6 19. Bxe6 Rxe6 20. c3 Rd8 21. Nd2 Red6 22. Ndf1 Rd3 23. Rad1 Qd7 24. Rc1 Bb6 25. Nf3 Qe6 26. Rcd1 Rxd1 27. Rxd1 Rxd1 28. Qxd1 Nxe4 29. Qe2 Nxg3 30. Nxg3 f6 31. Qc2 Ne7 32. Qe2 Qd5 33. Nh4 Qa2 0-1

[Event "POL-chT4 Kujawsko Pomorskie 0910"]
[Site "Poland"]
[Date "2010.01.16"]
[Round "5"]
[White "Darowicki, Mariusz"]
[Black "Studzinski, Tadeusz"]
[Result "0-1"]
[WhiteElo "1878"]
[BlackElo "1945"]
[PlyCount "96"]
[EventDate "2009.11.08"]
[EventType "team-swiss"]
[EventRounds "11"]
[EventCountry "POL"]
[SourceTitle "EXT 2020"]
[Source "ChessBase"]
[SourceDate "2019.10.17"]
[SourceVersion "1"]
[SourceVersionDate "2019.10.17"]
[SourceQuality "1"]

1. e4 e5 2. Nf3 d6 3. d4 Nf6 4. Nc3 Nbd7 5. Bc4 Be7 6. a4 c6 7. 0-0 0-0 8. h3 b6 9. Qe2 Bb7 10. Rd1 Qc7 11. Bg5 h6 12. Bh4 Rfe8 13. Bg3 Bf8 14. dxe5 Nxe5 15. Nxe5 dxe5 16. Rd2 Rad8 17. Rad1 Rxd2 18. Rxd2 Bb4 19. Qd3 Bc8 20. Rd1 Be7 21. Qf3 Rd8 22. Rxd8+ Bxd8 23. Ne2 Qe7 24. Qd3 Bc7 25. f3 Nd7 26. c3 Nc5 27. Qd1 Nxe4 28. Bxf7+ Qxf7 29. fxe4 Be6 30. Nc1 Qg6 31. Qf3 Bc4 32. Kh2 Qd6 33. b3 Bf7 34. Nd3 Bxb3 35. Nxe5 Qe6 36. Ng4 Bxg3+ 37. Qxg3 Bxa4 38. e5 Kh8 39. Qf4 Bb3 40. Ne3 a5 41. Nf5 g5 42. Qf2 Qxe5+ 43. g3 h5 44. Nd4 Bd5 45. c4 Be4 46. Qe3 c5 47. Nf3 Qf5 48. Ng1 a4 0-1

[Event "POL-chT4 Kujawsko Pomorskie 0809"]
[Site "Poland"]
[Date "2008.11.23"]
[Round "2.19"]
[White "Hetmanski, Waldemar"]
[Black "Studzinski, Tadeusz"]
[Result "1-0"]
[WhiteElo "1918"]
[BlackElo "1990"]
[PlyCount "59"]
[EventDate "2008.11.09"]
[EventType "team-tourn"]
[EventRounds "9"]
[EventCountry "POL"]
[SourceTitle "EXT 2019"]
[Source "ChessBase"]
[SourceDate "2018.10.10"]
[SourceVersion "1"]
[SourceVersionDate "2018.10.10"]
[SourceQuality "1"]

1. d4 d5 2. c4 c6 3. Nc3 Nf6 4. e3 g6 5. Nf3 Bg7 6. a4 a5 7. cxd5 Nxd5 8. Bc4 Nb4 9. h3 0-0 10. 0-0 Nd7 11. e4 e5 12. d5 Nb6 13. Bb3 cxd5 14. exd5 Bf5 15. Re1 Re8 16. d6 h6 17. Nb5 Na6 18. Be3 e4 19. Nfd4 Bd7 20. Qd2 Nc5 21. Ba2 Bxb5 22. Nxb5 Nbxa4 23. Nc7 Nd3 24. Nxe8 Qxe8 25. Bxh6 Nxe1 26. Bxg7 Kxg7 27. Rxe1 Rd8 28. Qd4+ Kg8 29. Rxe4 Qc6 30. Bxf7+ 1-0

[Event "POL-chT4 Kujawsko Pomorskie 0708"]
[Site "Poland"]
[Date "2008.03.09"]
[Round "9.25"]
[White "Ciemniak, Krzysztof"]
[Black "Studzinski, Tadeusz"]
[Result "0-1"]
[WhiteElo "2079"]
[BlackElo "1972"]
[PlyCount "54"]
[EventDate "2007.11.04"]
[EventType "team-tourn"]
[EventRounds "11"]
[EventCountry "POL"]
[SourceTitle "EXT 2019"]
[Source "ChessBase"]
[SourceDate "2018.10.10"]
[SourceVersion "1"]
[SourceVersionDate "2018.10.10"]
[SourceQuality "1"]

1. e4 e5 2. Nf3 Nc6 3. Bb5 Nf6 4. 0-0 d6 5. Bxc6+ bxc6 6. d4 Bg4 7. dxe5 Bxf3 8. Qxf3 dxe5 9. Bg5 Be7 10. Rd1 Qc8 11. Nd2 Qe6 12. Nf1 h6 13. Bxf6 Bxf6 14. Qa3 Be7 15. Qa5 Bd6 16. Qa6 Bc5 17. Qb7 Rc8 18. b4 Bb6 19. a4 0-0 20. a5 Rb8 21. Qa6 Bd4 22. c3 Bxc3 23. Rac1 Bd4 24. Rxc6 Qg4 25. Re1 Rxb4 26. Rxc7 Rb2 27. Ne3 Bxe3 0-1

[Event "POL-chT Region 0607"]
[Site "Poland"]
[Date "2007.01.28"]
[Round "6"]
[White "Lewandowski, Marek"]
[Black "Studzinski, Tadeusz"]
[Result "1/2-1/2"]
[WhiteElo "1914"]
[BlackElo "1938"]
[PlyCount "66"]
[EventDate "2006.11.12"]
[EventType "team-tourn"]
[EventRounds "11"]
[EventCountry "POL"]
[SourceTitle "EXT 2008"]
[Source "ChessBase"]
[SourceDate "2007.11.25"]
[SourceVersion "1"]
[SourceVersionDate "2007.11.25"]
[SourceQuality "1"]

1. e4 e5 2. Nf3 Nc6 3. Bb5 a6 4. Bxc6 dxc6 5. 0-0 f6 6. d4 Bg4 7. c3 Bd6 8. Be3 Ne7 9. Nbd2 Ng6 10. Qb3 Qc8 11. dxe5 Be6 12. Qc2 Nxe5 13. Nxe5 fxe5 14. c4 c5 15. Qc3 0-0 16. Nb3 b6 17. Nc1 Qe8 18. Nd3 Qg6 19. f3 Rae8 20. Rad1 Bc8 21. b4 cxb4 22. Nxb4 Bxb4 23. Qxb4 Bh3 24. Qb2 Be6 25. Qe2 Qf7 26. Rc1 Qd7 27. Qc2 Qc6 28. Rfd1 Rf6 29. Rd3 Rg6 30. Kh1 Bf7 31. Ra3 Ra8 32. Rd3 Re6 33. Bf2 Ree8 1/2-1/2

[Event "POL-chT Region 0607"]
[Site "Poland"]
[Date "2006.12.10"]
[Round "4"]
[White "Wisniewski, Jaroslaw"]
[Black "Studzinski, Tadeusz"]
[Result "1-0"]
[WhiteElo "2000"]
[BlackElo "1938"]
[PlyCount "51"]
[EventDate "2006.11.12"]
[EventType "team-tourn"]
[EventRounds "11"]
[EventCountry "POL"]
[SourceTitle "EXT 2008"]
[Source "ChessBase"]
[SourceDate "2007.11.25"]
[SourceVersion "1"]
[SourceVersionDate "2007.11.25"]
[SourceQuality "1"]

1. e4 e5 2. Nc3 Nf6 3. Bc4 Bb4 4. d3 d5 5. exd5 Nxd5 6. Nge2 0-0 7. 0-0 Nxc3 8. Nxc3 c6 9. a3 Bd6 10. Ne4 h6 11. b4 Kh7 12. f4 Bc7 13. Kh1 Nd7 14. f5 Nf6 15. Bb2 b5 16. Bb3 Nxe4 17. dxe4 Bb7 18. Qe2 f6 19. Qg4 Qe8 20. Rad1 Rd8 21. Bc1 Bc8 22. Rxd8 Bxd8 23. Rf3 Bb6 24. Rg3 g5 25. fxg6+ Kg7 26. Bxh6+ 1-0